Estatísticas para Binômio de Newton até 20!

Clique aqui para jogar o quiz

Estatísticas Gerais

  • Esse quiz foi jogado 14 vezes
  • A pontuação média é 7 de 20

Estatísticas das Respostas

NumerosFatorial% Correto
1!1
100%
2!2
100%
3!6
100%
4!24
86%
5!120
71%
7!5.040
57%
6!720
57%
9!362.880
43%
8!40.320
43%
10!3.628.800
29%
11!39.916.800
14%
19!121.645.100.408.832.000
0%
15!1.307.674.368.000
0%
16!20.922.789.888.000
0%
20!2.432.902.008.176.640.000
0%
17!355.687.428.096.000
0%
12!479.001.600
0%
13!6.227.020.800
0%
18!6.402.373.705.728.000
0%
14!87.178.291.200
0%

Distribuição das Pontuações

Percentil de Números Respondidos

Porcentagem de Pessoas com Cada Pontuação

Sua Pontuação Histórica

Você não jogou esse quiz